[Event "I Maxistral Compostela 2018"]
[Site "Santiago Compostela"]
[Date "2018.09.08"]
[Round "3"]
[White "Manolache, Marius"]
[Black "Suarez Pousa, Diego"]
[Result "1-0"]
[WhiteElo "2508"]
[BlackElo "2412"]
[Annotator "TA"]
[PlyCount "75"]
[EventDate "2018.09.05"]
[EventType "tourn"]
[EventCountry "ESP"]
[SourceTitle "playchess.com"]
[Source "ChessBase"]
[SourceQuality "1"]

{[%evp 14,75,15,15,100,57,77,53,60,52,86,36,36,23,31,22,69,81,83,77,100,65,164,0,82,62,107,56,89,60,114,97,106,75,90,80,80,44,31,35,74,64,62,0,0,-101,-112,-123,0,0,0,0,0,0,0,0,42,41,29,41,103,83,29980,29981]} 1. d4 Nf6 2. c4 e6 3. Nf3 Bb4+ 4. Nbd2 O-O 5. a3 Be7 6. e4 d5 7. e5 Nfd7 8. Bd3 {LiveBook: 183 Partien. E11: Damenindisch (Bogoljubow-Variante)} Re8 (8... c5 $11 {hält das Gleichgewicht.}) (8... c5 9. O-O Nc6 10. Re1 a5 11. Qc2 h6 12. Nb3 dxc4 13. Bxc4 cxd4 14. Qe4 a4 15. Bxh6 axb3 16. Bxg7 Kxg7 17. Qg4+ Kh8 18. Qh5+ Kg7 19. Qg4+ Kh8 20. Qh5+ Kg7 21. Qg4+ {½-½ (21) Vitiugov,N (2740)-Tomashevsky,E (2714) Sochi 2018}) 9. Qc2 Nf8 10. c5 $146 {Weiß steht besser.} ({Vorgänger:} 10. O-O Nbd7 11. b4 dxc4 12. Nxc4 Nb6 13. Na5 a6 14. Bd2 c6 15. Rfe1 Nd5 {1-0 (33) Murdzia,P (2400)-Ptacnikova,L (2247) Olomouc 2018}) 10... a5 11. h4 f6 12. Rb1 a4 13. b4 axb3 $1 14. Nxb3 Nc6 15. Rh3 fxe5 16. dxe5 Ra4 17. Kf1 Rg4 (17... h6 $14) 18. h5 $2 (18. Ng5 $1 $18 {[%cal Rd3h7]} Bxg5 19. hxg5 (19. Bxg5 Qd7 $16) 19... Nxe5 20. Bxh7+ Kf7 21. Bd2) 18... Kh8 (18... h6 $11) 19. Bb2 Bd7 20. Qe2 (20. h6 $16) 20... Kg8 21. Kg1 Qa8 (21... h6 $1 $14) 22. Nfd4 Rh4 23. Rxh4 Bxh4 24. Nxc6 Bxc6 25. Nd4 {Dg4 ist eine echte Drohung.} Be7 26. Rc1 Bd7 27. Qg4 Qa7 28. c6 (28. h6 $1 $14 g6 29. Qf4) 28... bxc6 $1 $11 29. Nxc6 (29. Rxc6 $11 {bleibt in der Remisbreite.} Qb7 30. Bc3 Bxa3 31. Ra6) 29... Bxc6 $17 30. Rxc6 {[#]} Bc5 ({Lieber} 30... Qb7 $1 $17 {[%cal Rb7c6]} 31. Rc2 c5) 31. Qg3 $40 {[%mdl 128] Weiss hat einigen Angriff.} Re7 {Und weiter mit ...Tf7 wäre nett.} 32. Bc1 Bb6 33. Be3 Qa4 34. Rc2 Rf7 35. Bxb6 cxb6 36. h6 Qd4 (36... g6 $14) 37. Rc8 $16 g6 $2 {[%mdl 8192] [#]} (37... Qb2 $16) 38. Bxg6 $1 {[%mdl 512] Precision: Weiß = 54%, Schwarz = 41%.} 1-0

[Event "I Maxistral Compostela 2018"]
[Site "Santiago Compostela"]
[Date "2018.09.07"]
[Round "3"]
[White "Reinaldo Castineira, Roi"]
[Black "Peralta, Fernando"]
[Result "1/2-1/2"]
[WhiteElo "2493"]
[BlackElo "2569"]
[Annotator "TA"]
[PlyCount "102"]
[EventDate "2018.09.05"]
[EventType "tourn"]
[EventCountry "ESP"]
[SourceTitle "playchess.com"]
[Source "ChessBase"]
[SourceQuality "1"]

{[%evp 21,102,0,0,-16,-13,-31,-20,-20,-20,-55,-16,-24,-27,-38,-19,-24,-24,-36,0,-3,0,0,0,0,0,0,0,0,0,0,40,-8,-8,-8,-8,-8,-10,-108,-104,-104,-91,-83,-87,-89,-8,-8,-8,-8,-8,-15,-15,-87,-87,-87,-87,-87,-87,-87,-87,-87,-87,-87,-87,-87,-87,-87,-87,-87,-87,-87,-87,-87,-87,-87,-87,-87,-87,-87,-87,-87,-87,-87,-87]} 1. e4 e6 2. d4 d5 3. Nc3 Nf6 4. e5 Nfd7 5. f4 c5 6. Nf3 Nc6 7. Be3 Be7 8. Qd2 a6 9. dxc5 Nxc5 {C11: French: Classical System: 4 e5 and 4 Bg5 dxe4} 10. O-O-O Qa5 11. Kb1 b5 {LiveBook: 15 Games. The position is equal.} 12. Bxc5 $146 ({Predecessor:} 12. h4 Bd7 13. g4 b4 14. Ne2 Ne4 15. Qe1 Rb8 16. Nc1 Nc3+ 17. bxc3 bxc3+ {1-0 (96) Najer,E (2679)-Korobov,A (2695) Poikovsky 2017}) 12... Bxc5 13. g4 Bd7 14. f5 Bb4 15. Bd3 Bxc3 16. Qxc3 Qxc3 17. bxc3 Rc8 18. Kb2 Na5 19. Nd4 Nb7 20. Nb3 O-O (20... h5 {keeps more tension.} 21. fxe6 Bxe6 22. g5 g6 23. Ra1 Nc5) 21. Rhe1 Nc5 22. Nxc5 Rxc5 23. Re3 Rfc8 24. a3 a5 {[%cal Ba6a5,Ba5b4][%mdl 32]} 25. f6 Rb8 26. fxg7 b4 27. cxb4 axb4 28. a4 $1 Bxa4 29. Ra1 (29. Rh3 $1 $11) 29... d4 $17 30. Rh3 b3 {[%cal Rb3c2]} 31. Bxh7+ Kxg7 32. cxb3 Bxb3 (32... Bc6 $17 33. Bc2 Rxe5) 33. Rxb3 $11 Rxb3+ 34. Kxb3 {[#] Hoping for Kb4.} Kxh7 $17 {[%mdl 4096] Endgame KR-KR} 35. Rd1 Rxe5 {aiming for ...Re4.} 36. Kc4 (36. Rxd4 $11 Re3+ 37. Kc4) 36... Re2 {Black is better.} 37. Kxd4 Rxh2 {White must now prevent ...Rg2.} 38. Ke5 Rf2 39. Rd8 Kg7 40. Ra8 Rf1 41. Rb8 Ra1 {Threatens to win with ...Ra4.} 42. Kf4 Ra4+ 43. Kf3 f6 44. Rc8 Ra3+ 45. Kf2 e5 46. Rb8 Rh3 47. Ra8 Rh8 48. Ra7+ Kg6 49. Kg3 Rb8 50. Re7 Rb3+ 51. Kh4 Rf3 {Precision: White = 65%, Black = 63%.} 1/2-1/2

[Event "I Maxistral Compostela 2018"]
[Site "Santiago Compostela"]
[Date "2018.09.08"]
[Round "3"]
[White "Suarez Garcia, Carlos"]
[Black "Mareco, Sandro"]
[Result "0-1"]
[WhiteElo "2469"]
[BlackElo "2649"]
[Annotator "TA"]
[PlyCount "30"]
[EventDate "2018.09.05"]
[EventType "tourn"]
[EventCountry "ESP"]
[SourceTitle "playchess.com"]
[Source "ChessBase"]
[SourceQuality "1"]

{[%evp 13,15,34,41,37]} 1. e4 c5 2. Nc3 e6 3. Nf3 Nc6 4. d4 cxd4 5. Nxd4 Qc7 6. g3 a6 7. Bg2 h5 {LiveBook: 113 Games} 8. Nb3 {[%mdl 32768] Loss on Time!? B47: Sicilian: Taimanov: 5 Nc3 Qc7 6 f4, 6 g3 and 6 Be2} (8. Bg5 h4 9. gxh4 Nge7 10. Nxc6 bxc6 11. Qd3 Ng6 12. O-O-O f6 13. Bd2 Kf7 14. Rhg1 Rxh4 15. Bf1 Qxh2 {0-1 (34) Kraemer,M (2575)-Jakovenko,D (2710) Germany 2018}) {Predecessor:} 8... h4 $146 9. f4 d6 10. Be3 b5 11. Qe2 Bb7 12. O-O-O Nf6 13. g4 Rc8 14. g5 Nd7 15. Qf2 Be7 {½-½ (60) Colovic,A (2443)-Mihok,O (2505) chess.com INT 2017} 0-1

[Event "I Maxistral Compostela 2018"]
[Site "Santiago Compostela"]
[Date "2018.09.07"]
[Round "3"]
[White "Sanchez Aller, Fernando"]
[Black "Suarez Gomez, Julio"]
[Result "1-0"]
[WhiteElo "2344"]
[BlackElo "2446"]
[Annotator "TA"]
[PlyCount "110"]
[EventDate "2018.09.05"]
[EventType "tourn"]
[EventCountry "ESP"]
[SourceTitle "playchess.com"]
[Source "ChessBase"]
[SourceQuality "1"]

{[%evp 14,110,50,29,70,9,20,26,23,33,27,17,64,24,38,29,20,20,27,-19,68,41,44,60,55,50,93,95,92,64,163,156,143,91,124,134,179,0,0,-53,0,-8,14,-50,-39,-105,-74,-140,-92,-130,-82,-156,-151,-155,-155,-155,-166,-179,-14,-14,-14,-15,-8,-35,-35,-35,-38,-30,-29,-29,-29,-41,-29,-119,-118,-139,-117,-256,-177,-257,-256,-402,-206,-227,0,-402,-402,-379,-369,-379,-8,-8,-8,-8,-8,-8,-8,-8,-8]} 1. e4 c5 2. Nc3 e6 3. Nf3 Nc6 4. d4 cxd4 5. Nxd4 Qc7 6. g3 a6 7. Bg2 h5 8. Nb3 {LiveBook: 3 Games. B47: Sicilian: Taimanov: 5 Nc3 Qc7 6 f4, 6 g3 and 6 Be2} (8. Bg5 h4 9. gxh4 Nge7 10. Nxc6 bxc6 11. Qd3 Ng6 12. O-O-O f6 13. Bd2 Kf7 14. Rhg1 Rxh4 15. Bf1 Qxh2 {0-1 (34) Kraemer,M (2575)-Jakovenko,D (2710) Germany 2018}) 8... h4 9. Bf4 (9. f4 $14) 9... d6 $146 ({Predecessor:} 9... Ne5 10. Bxe5 Qxe5 11. f4 Qc7 12. e5 hxg3 13. hxg3 Rxh1+ 14. Bxh1 Qb6 15. Qf3 d5 {0-1 (47) Karsai,I (2111)-Simonyi,Z (2227) Hungary 2013}) 10. gxh4 Rxh4 11. Bg3 Rh8 12. Qd2 Nf6 13. O-O-O {[%cal Rg3d6]} Ne5 14. f4 $36 {[%mdl 2048] White is more active.} Nc4 15. Qe2 Nh5 16. f5 Nxg3 (16... Bd7 $11) 17. hxg3 $14 Rxh1 18. Rxh1 Ne5 19. Bh3 Nc6 20. Rf1 {aiming for fxe6.} g6 21. Qd2 Qd8 (21... Ne5 $14) 22. fxg6 $18 fxg6 23. Nd4 ({Don't play} 23. Qf4 $6 Qe7 $14) (23. e5 $142 {Hoping for exd6.} Nxe5 24. Ne4) 23... Nxd4 24. Qxd4 Qe7 25. Qa4+ $2 ({White should play} 25. e5 $18 Qg5+ 26. Kb1 Qxe5 27. Qg4) 25... Bd7 $11 26. Qa5 (26. Qb3 $11) 26... Bg7 (26... Qd8 $15 27. Qb4 a5) 27. Ne2 Be5 28. Qd2 ({Better is} 28. Kb1 $11) 28... O-O-O $15 29. Nd4 (29. Qe3 $15) 29... Rh8 30. Bg2 (30. Bg4 $142) 30... Kb8 31. Rf3 Rf8 32. Rxf8+ ({White should try} 32. g4) 32... Qxf8 $17 33. Qe3 Qh8 $1 34. c3 Qh2 35. Qf3 Qxg3 $2 (35... Qg1+ $19 36. Kc2 Bxd4 37. cxd4 Qxd4) 36. Qxg3 $11 Bxg3 $19 {[%mdl 4096] Endgame KBB-KBN} 37. Bh3 $1 Kc7 (37... Be5 {is interesting.} 38. Nxe6 Bc6 39. Bg2 b5 40. Kc2 Bd7) 38. Bxe6 (38. Nxe6+ {looks sharper.} Kb6 39. Kd2 Ka5 40. Ke3 b5 41. Ng5) 38... Bxe6 39. Nxe6+ $11 {KB-KN} Kd7 40. Nd4 $1 Ke7 41. Kd2 Bf4+ 42. Ke2 $1 Kf6 43. Kf3 (43. Nb3 $1 $11) 43... Bc1 $1 $17 {[%cal Rc1b2]} 44. b3 Ke5 45. Ne2 (45. Nc2 $17 {is the only way for White.}) 45... Bh6 46. c4 (46. Ng1 $142) 46... Bd2 $19 47. Ng3 (47. Ng1 $142 g5 48. Ke2) 47... Kd4 (47... a5 $142 48. Ne2 b6) 48. Ne2+ {[#]} Ke5 $2 (48... Kc5 $1 49. Kg3 a5) 49. Ng3 $1 a5 50. Ne2 b6 51. a3 Bh6 $2 (51... g5 $19 {Threatens to win with ...g4+!} 52. Ng3 {[#]} a4 $1 {[%mdl 512]} 53. bxa4 Bc1) 52. Nc3 $1 $11 {The position is equal.} Bc1 53. Nb5 g5 54. Kg4 Kxe4 {Strongly threatening ...Kd3.} 55. Nxd6+ Kd3 {[%mdl 32768] Precision: White = 30%, Black = 43%. . Sensor Board Error (Ke4/e5)?} (55... Kd4 $5 56. b4 $8 a4 $11) 1-0

[Event "I Maxistral Compostela 2018"]
[Site "Santiago Compostela"]
[Date "2018.09.08"]
[Round "3"]
[White "Medarde Santiago, Luis Marcos"]
[Black "Starostits, Ilmars"]
[Result "1/2-1/2"]
[WhiteElo "2341"]
[BlackElo "2449"]
[Annotator "TA"]
[PlyCount "22"]
[EventDate "2018.09.05"]
[EventType "tourn"]
[EventCountry "ESP"]
[SourceTitle "playchess.com"]
[Source "ChessBase"]
[SourceQuality "1"]

{[%evp 9,22,29,44,0,57,53,56,45,70,20,18,5,4,-30,-34]} 1. e4 c6 2. d4 d5 3. e5 Bf5 4. h4 Qb6 5. a4 (5. Nc3 h5 6. Na4 Qa5+ 7. c3 e6 8. Nf3 Nd7 9. b4 Qc7 10. Bd3 Bg4 11. Bd2 Ne7 12. Qc2 Bxf3 13. gxf3 g6 {0-1 (40) Onischuk,V (2637)-Pantsulaia,L (2612) Riadh 2017}) 5... a5 {LiveBook: 6 Partien} 6. Ra3 {B12: Caro-Kann (Vorstoß-Variante)} Na6 $146 (6... e6 $11) ({Vorgänger:} 6... h5 7. Rb3 Qc7 8. Be2 e6 9. Nh3 Bb4+ 10. Kf1 Nd7 11. Rg3 g6 12. Nd2 Nh6 {½-½ (63) Papp,G (2414)-Petran,P (2337) Hungary 2007}) 7. Rb3 $14 Qc7 8. Na3 h5 9. Bd3 Bxd3 10. Qxd3 {Und e6! würde nun gewinnen.} e6 11. Nh3 Ne7 1/2-1/2

[Event "I Maxistral Compostela 2018"]
[Site "Santiago Compostela"]
[Date "2018.09.08"]
[Round "4"]
[White "Mareco, Sandro"]
[Black "Reinaldo Castineira, Roi"]
[Result "1-0"]
[WhiteElo "2649"]
[BlackElo "2493"]
[Annotator "TA"]
[PlyCount "103"]
[EventDate "2018.09.05"]
[EventType "tourn"]
[EventCountry "ESP"]
[SourceTitle "playchess.com"]
[Source "ChessBase"]
[SourceQuality "1"]

{[%evp 24,103,14,16,25,13,18,18,25,14,56,43,68,68,98,73,97,68,72,62,63,62,66,71,85,90,98,79,117,117,117,117,124,120,156,156,156,156,678,681,668,550,540,528,509,417,535,591,506,583,600,595,576,593,592,592,554,540,29980,4886,3236,2356,1416,945,29979,29979,29979,29980,29986,29987,29987,5210,29988,29989,29989,29990,29990,29991,29997,29998,29998,29999]} 1. c4 Nf6 2. Nf3 e6 3. g3 d5 4. Bg2 d4 5. O-O c5 6. e3 Nc6 7. exd4 cxd4 8. d3 Bd6 {A13: English Opening: 1...e6} (8... Be7 9. b3 O-O 10. Na3 e5 11. Nc2 Nd7 12. a3 a5 13. Rb1 Nc5 14. b4 axb4 15. axb4 Na4 16. Bd2 {0-1 (47) Wei,Y (2739)-Karjakin,S (2760) Medias 2017}) 9. Bg5 h6 10. Bxf6 Qxf6 11. Nbd2 Qd8 12. a3 a5 13. Rc1 {LiveBook: 17 Games} O-O 14. c5 Bc7 15. Qa4 Ra7 16. Rfe1 e5 $146 17. Nc4 {[%cal Rc4e5]} Re8 18. Nfd2 $36 {[%cal Bf3d2,Bd2e4,Be4c5][%mdl 2080] White has good play.} Bd7 19. Ne4 Ne7 20. Qc2 Nc8 21. b4 axb4 22. axb4 {[%cal Ba3b4,Bb4c5][%mdl 32]} b5 23. cxb6 Nxb6 24. Nc5 Bb5 25. Qb3 Na4 26. Ra1 Nxc5 27. bxc5 Rxa1 28. Rxa1 Bd7 29. Nb6 Be6 30. Qb5 f5 $2 (30... Rf8 $16 31. h4 Bb8) 31. Ra8 $18 Bb8 32. Bc6 Rf8 33. Bd7 {[%cal Bc6d7,Bd7f5,Bf5e4][%mdl 32]} Bf7 34. Bxf5 {Threatens to win with Nd7.} Be8 35. Qb3+ Kh8 {Black wants to play ...Bc6.} 36. Be4 Qf6 37. Qb2 Bc6 {[#]} 38. Nd7 $1 {[%mdl 512]} Bxd7 39. Rxb8 Bc8 40. h4 g5 41. Rb6 (41. Rxc8 $142 Kg7 42. Rxf8 Qxf8 43. Qb7+ Kf6 44. c6 gxh4 45. c7 hxg3 46. fxg3) 41... Be6 42. hxg5 hxg5 {[#]} 43. Bd5 $1 {[%mdl 512]} Re8 (43... Bxd5 44. Rxf6) 44. Bxe6 Rxe6 {[%mdl 4096] Endgame KQR-KQR} 45. Qb3 Rc6 46. Rb8+ Kg7 47. Qg8+ Kh6 48. Rb7 {[%csl Gb7][%cal Rg8h7] White mates.} Kh5 49. Qh7+ Qh6 50. Qe4 Rg6 51. g4+ Kh4 52. Qg2 {Precision: White = 92%, Black = 45%.} 1-0

[Event "I Maxistral Compostela 2018"]
[Site "Santiago Compostela"]
[Date "2018.09.08"]
[Round "4"]
[White "Peralta, Fernando"]
[Black "Sanchez Aller, Fernando"]
[Result "1-0"]
[WhiteElo "2569"]
[BlackElo "2344"]
[Annotator "TA"]
[PlyCount "109"]
[EventDate "2018.09.05"]
[EventType "tourn"]
[EventCountry "ESP"]
[SourceTitle "playchess.com"]
[Source "ChessBase"]
[SourceQuality "1"]

{[%evp 20,109,81,80,76,39,39,44,62,46,100,69,141,110,119,112,104,95,108,77,72,76,72,51,84,91,393,390,407,400,392,397,360,146,350,347,384,385,475,464,451,383,364,366,376,375,376,361,466,458,428,424,431,431,431,431,489,418,388,391,646,695,697,688,939,926,896,882,882,862,945,892,1914,1929,4132,5204,4968,1123,2401,2245,1937,1825,5289,5061,4818,4724,29982,29983,29991,29992,29992,29993]} 1. d4 {Knaak,R} Nf6 2. c4 g6 3. Nc3 Bg7 4. e4 d6 5. h3 O-O 6. Be3 Na6 7. Nf3 c6 8. Bd3 e5 9. O-O Nh5 10. Re1 Nf4 11. Bf1 {LiveBook: 3 Games} c5 {E94: King's Indian: Classical: 6 Be2 e5 7 0-0: Various Black 7th moves} 12. dxe5 (12. d5 {is more complex.} f5 13. a3 Nc7 14. b4 b6 15. Rb1) 12... dxe5 13. Bxf4 exf4 {White is slightly better.} 14. e5 {[#]} b6 $146 (14... Qxd1 $14 15. Raxd1 Nb4) ({Predecessor:} 14... Bf5 15. Qc1 g5 16. Ne4 Bxe4 17. Rxe4 f5 18. exf6 Qxf6 19. Re5 {1-0 (28) Aseev,K (2520)-Ubilava,E (2525) Daugavpils 1989 CBM 016 [Knaak,R]}) 15. Bd3 f5 ({Better is} 15... Bb7 $14) 16. exf6 Bxf6 {[#]} 17. Nd5 $1 {Hoping for Bxg6!} Rb8 18. Qa4 Qd7 19. Qc2 Bb7 20. Nxf6+ Rxf6 21. Qc3 Rbf8 22. Be4 Bc8 $2 {[%mdl 8192] [#]} (22... Bxe4 $16 {is tougher.} 23. Rxe4 Re6 24. Rxe6 Qxe6) 23. Bd5+ $18 Kh8 24. Ng5 Qg7 25. Ne4 Rf5 26. Qxg7+ Kxg7 27. Nd6 Kf6 28. Nxc8 ({Less strong is} 28. Nxf5 Bxf5 29. Be4 Be6 $18) 28... Rxd5 29. cxd5 Rxc8 {[%mdl 4096] Endgame KRR-KRN} 30. Rad1 Rd8 31. Re4 Rd7 32. Rxf4+ Ke5 33. g3 Nb4 34. Re1+ Kd6 35. Rf6+ Kc7 36. d6+ Kc6 37. Re7 a5 38. a4 Nd3 39. b3 Rxd6 $2 (39... Nc1 40. Rf3 Rxd6 41. Rxh7 Ne2+ 42. Kg2 Nd4) 40. Rxd6+ Kxd6 41. Rxh7 {KR-KN} Nc1 42. Rg7 Nxb3 43. Rxg6+ Kd5 44. Kf1 c4 45. Ke2 Kc5 46. h4 {[%cal Bh3h4,Bh4h5,Bh5h6,Bh6h7][%mdl 32]} b5 47. axb5 Kxb5 48. Rg8 (48. h5 $142 Nc1+ 49. Ke3) 48... a4 49. Rb8+ Kc5 50. Ra8 Kb4 51. h5 Nd4+ 52. Kd1 Kb3 53. h6 {White mates.} Kb2 54. h7 c3 55. Rb8+ {Precision: White = 87%, Black = 26%.} 1-0

[Event "I Maxistral Compostela 2018"]
[Site "Santiago Compostela"]
[Date "2018.09.08"]
[Round "4"]
[White "Starostits, Ilmars"]
[Black "Suarez Pousa, Diego"]
[Result "1-0"]
[WhiteElo "2449"]
[BlackElo "2412"]
[Annotator "TA"]
[PlyCount "78"]
[EventDate "2018.09.05"]
[EventType "tourn"]
[EventCountry "ESP"]
[SourceTitle "playchess.com"]
[Source "ChessBase"]
[SourceQuality "1"]

{[%evp 15,78,0,-5,-18,-20,-10,9,23,12,0,12,11,27,17,27,24,89,90,98,92,97,81,90,82,121,119,124,129,125,116,123,102,144,148,166,161,368,362,375,367,343,248,269,272,260,260,263,197,364,359,472,462,704,708,641,633,29992,29993,29993,29987,29986,29948,29992,29993,29995]} 1. d4 Nf6 2. Nf3 e6 3. e3 d5 4. Bd3 Be7 5. O-O O-O 6. Nbd2 b6 7. Ne5 Bb7 8. f4 c5 {LiveBook: 7 Games. D05: Colle System with ...e6} (8... Ne4 9. Nxe4 dxe4 10. Bc4 Nd7 11. Qh5 Nf6 12. Qh3 c5 13. g4 cxd4 14. g5 Nd5 15. exd4 Qc8 16. Bb3 {½-½ (59) Starostits,I (2413)-Ladva,O (2510) Parnu 2016}) 9. Qf3 Qc7 10. c3 Nfd7 $146 {The position is equal.} ({Predecessor:} 10... Nbd7 11. g4 Rad8 12. Nxd7 Nxd7 13. Qh3 g6 14. g5 Rfe8 15. Nf3 a6 16. Qg4 Bc8 17. Ne5 Bf8 18. Rf3 Bg7 {½-½ (56) Gara,G (2235)-Zsinka,L (2345) Hungary 1994}) 11. Qh3 {[%csl Gd3][%cal Rh3h7]} f5 12. g4 {[%cal Rg4f5]} Nxe5 13. fxe5 {[%cal Rg4f5]} Ba6 14. Bxa6 Nxa6 15. gxf5 exf5 (15... Qc6 $1 $11 {keeps the balance.}) 16. Rxf5 $16 Qc6 {[#]} 17. Nf1 $1 Nc7 18. Ng3 Ne6 19. Bd2 Ng5 20. Qg2 g6 21. Rxf8+ Rxf8 22. Rf1 Rxf1+ 23. Kxf1 Qb5+ {[#]} 24. Ke1 $1 cxd4 25. exd4 {Hoping for Nf5!} Qd3 $2 (25... Qd7 26. Be3 b5) 26. Qxd5+ Kg7 27. Bxg5 Bxg5 28. e6 Qb1+ 29. Kf2 Qxb2+ 30. Ne2 Bh4+ 31. Kf3 Qa3 $2 (31... Qb1 {was necessary.} 32. Ke3 Qf5 33. Qxf5 gxf5) 32. Qd7+ $18 Kh6 33. Qf7 Bg5 (33... a5 $142 34. Nf4 Qd6) 34. Kg4 Be7 35. Ng3 Bd6 36. Qf6 {[%csl Gf6,Gg4][%cal Rg3f5] White mates.} Bxg3 37. hxg3 Qd6 38. d5 Qc5 39. e7 {[%cal Rf6f8]} Qc8+ {Precision: White = 81%, Black = 24%.} 1-0

[Event "I Maxistral Compostela 2018"]
[Site "Santiago Compostela"]
[Date "2018.09.08"]
[Round "4"]
[White "Suarez Gomez, Julio"]
[Black "Manolache, Marius"]
[Result "1/2-1/2"]
[WhiteElo "2446"]
[BlackElo "2508"]
[Annotator "TA"]
[PlyCount "95"]
[EventDate "2018.09.05"]
[EventType "tourn"]
[EventCountry "ESP"]
[SourceTitle "playchess.com"]
[Source "ChessBase"]
[SourceQuality "1"]

{[%evp 18,95,52,56,55,58,65,56,62,60,72,81,77,28,35,31,37,6,6,13,39,38,32,25,55,0,19,0,0,0,47,0,0,0,0,0,0,0,30,18,13,13,7,6,10,0,0,0,0,0,82,81,148,140,129,109,125,98,228,240,566,552,868,847,1268,500,935,909,915,925,922,925,897,855,779,0,0,0,719,0]} 1. e4 d6 2. d4 Nf6 3. Nc3 g6 4. Nf3 c6 5. a4 Bg7 6. Be2 O-O 7. O-O a5 8. Be3 Na6 9. h3 Nb4 10. Qd2 {LiveBook: 85 Partien} b6 {B08: Pirc-Ufimzew-Verteidigung} (10... Qc7 11. Rad1 b6 12. Rfe1 Rd8 13. Bf4 Bb7 14. Bc4 e6 15. e5 dxe5 16. Nxe5 Qc8 17. Nxf7 Kxf7 18. Bxe6+ Qxe6 19. Rxe6 Kxe6 {½-½ (27) Jarmula,L (2499)-Krasenkow,M (2628) Katowice 2018}) 11. Rad1 d5 12. e5 Ne8 $146 {Weiß steht etwas besser.} ({Vorgänger:} 12... Nd7 13. Nb1 c5 14. c3 Na6 15. h4 Nc7 16. Na3 c4 17. h5 f6 18. hxg6 hxg6 {1-0 (43) Mollov,E (2380)-Weill,R (2255) Orange 1994}) 13. Nb1 f6 14. c3 {[%cal Bc2c3,Bc3c4][%mdl 32]} Na6 15. c4 Nb4 16. Nc3 Nc7 17. Bh6 Bf5 18. cxd5 cxd5 19. Bxg7 Kxg7 20. Rc1 Qd7 21. exf6+ exf6 22. Nh4 Be6 $1 23. f4 {[%cal Bf2f4,Bf4f5][%mdl 32]} Bf7 24. Nb5 Nxb5 25. Bxb5 Qd6 26. f5 Rac8 27. Nf3 {[%cal Bh4f3,Bf3h2,Bh2f1][%mdl 32]} Rc7 28. Rxc7 Qxc7 29. Rc1 Qb8 30. Nh2 gxf5 31. Bd7 Bg6 32. Rf1 Qg3 33. Bxf5 {zielt auf Sg4 ab.} Bxf5 (33... Qg5 $1 $11 34. Qxg5 fxg5 35. Bxg6 Rxf1+ 36. Nxf1 Kxg6) 34. Rxf5 $16 {Droht stark Sg4.} Re8 (34... Qd3 $142 35. Qf2 Qe4) 35. Nf1 $1 {[%cal Rf1g3]} Qd3 36. Qf2 Re2 37. Qf4 Qe4 (37... Nc6 $16) 38. Qc7+ $40 {[%mdl 128] Weiss will per K.O. gewinnen.} Kg6 $2 (38... Qe7 39. Qg3+ (39. Qxb6 Rc2 $18) 39... Kf7) 39. Rf3 {Tg3+ ist eine echte Drohung.} Qxd4+ 40. Kh1 Re5 {[#]} 41. h4 $1 {[%mdl 512]} Re4 (41... Nd3 $142 42. Rg3+ Rg5) (41... Qxh4+ 42. Rh3) 42. Rg3+ $1 Rg4 {[#]} 43. h5+ $1 {[%mdl 512]} Kh6 {[#]} (43... Kxh5 44. Qxh7+) 44. Ne3 $1 {[%cal Re3g4]} Rh4+ 45. Kg1 {Weiss will mit Dg7+ Matt setzen.} Rg4 46. Kh1 ({Weniger gut wäre} 46. Rxg4 Qxe3+ 47. Kh2 Qe5+ 48. Qxe5 fxe5 $16) 46... Rh4+ 47. Kg1 {Beabsichtigt Dg7+ und Matt.} Rg4 $1 {[%cal Rg4g3]} 48. Kh1 $2 {Precision: Weiß = 59%, Schwarz = 40%.} ({Nicht} 48. Rxg4 Qxe3+ 49. Kh2 Qe5+ 50. Qxe5 fxe5 $18) (48. Rf3 $18) 1/2-1/2

[Event "I Maxistral Compostela 2018"]
[Site "Santiago Compostela"]
[Date "2018.09.08"]
[Round "4"]
[White "Medarde Santiago, Luis Marcos"]
[Black "Suarez Garcia, Carlos"]
[Result "1/2-1/2"]
[WhiteElo "2341"]
[BlackElo "2469"]
[Annotator "TA"]
[PlyCount "51"]
[EventDate "2018.09.05"]
[EventType "tourn"]
[EventCountry "ESP"]
[SourceTitle "playchess.com"]
[Source "ChessBase"]
[SourceQuality "1"]

{[%evp 15,51,0,19,14,35,26,35,43,34,29,29,29,20,33,14,16,5,0,20,-11,0,-11,-18,-25,-18,-29,-23,-15,-29,-31,0,-34,29,29,27,27,25,32]} 1. e4 {CB} e6 2. d4 d5 3. Nd2 h6 4. Ngf3 Nf6 5. e5 Nfd7 6. Bd3 {C03: French Tarrasch: Unusual Black 3rd moves} c5 7. c3 Nc6 8. a3 a5 {LiveBook: 5 Games} 9. Nf1 Be7 $146 ({Predecessor:} 9... c4 10. Bc2 b5 11. Ng3 {1-0 (53) Howell,D (2603)-Short,N (2677) England 2012 EXT 2013 [CB]}) 10. Ng3 c4 11. Bc2 b5 12. O-O Nb6 13. Ne1 b4 14. axb4 axb4 15. Rxa8 Nxa8 16. Qf3 b3 17. Bd1 g6 18. Ne2 Qa5 19. g3 Nb6 20. h4 h5 21. Ng2 Qa1 {...Na4 is the strong threat.} 22. Qe3 Qb1 23. f4 Qd3 {[#]} (23... Na4 $15 24. Qd2 Qd3) 24. f5 $1 $11 {[%mdl 512] Black must now prevent fxg6.White has an edge.} Qxe3+ $1 (24... exf5 25. Qxd3) 25. Nxe3 {Threatens to win with fxg6.} gxf5 26. Nf4 {Precision: White = 61%, Black = 55%.} 1/2-1/2